| 000 | 00969nam a2200253 a 4500 | ||
|---|---|---|---|
| 001 | 000913223 | ||
| 003 | AM-YEHGA | ||
| 005 | 20260403151651.0 | ||
| 008 | 120913s2010 rb ab|||r|||||000|0|srp|| | ||
| 020 | _a978-86-913407-0-4 | ||
| 040 | _aAM-YEHGA | ||
| 041 | 0 | _asrp | |
| 100 | 1 | _aБоjанић, Боjан | |
| 245 | 1 | 0 |
_aМонофизити дохалкидонске хришћанске верске заједнице : _bприказ стваралаштва / _cБоjан Боjанић ; Коректура и лектира: Владимир Jовић ; превод : Дарко Савић. |
| 260 |
_aБеоград : _bИзданье аутора, _c2010. |
||
| 300 |
_a60 p. : _bill., maps ; _c21 cm. |
||
| 490 | 0 | _aКрагуjевац: МБ линиjа | |
| 650 | 1 | 4 | _aReligion |
| 650 | 1 | 4 | _aChristology |
| 650 | 1 | 4 | _aChristian theology |
| 700 | 1 |
_aJовић, Владимир _4edt |
|
| 700 | 1 |
_aСавић, Дарко _4trl |
|
| 942 |
_2udc _cBK |
||
| 999 |
_c315151 _d315151 |
||